The definition of crimes in extradition treaties read at Budapest on september 22nd, 1908 at a conference of the International Law Association /

Elmentve itt :
Bibliográfiai részletek
Szerző: Berinkey Dénes
Testületi szerző: Conference of the International Law Association (1908)(Budapest)
Dokumentumtípus: Cikk
Megjelent: 1908
Sorozat:Kolligátum
Kulcsszavak:Nemzetközi jog - kiadatás
Online Access:http://misc.bibl.u-szeged.hu/23437
LEADER 00732nab a2200181 i 4500
001 misc23437
005 20191111110547.0
008 170725s1908 hu o 0|| zxx d
040 |a SZTE Miscellanea Repozitórium  |b hun 
041 |a zxx 
100 1 |a Berinkey Dénes 
245 1 4 |a The definition of crimes in extradition treaties   |h [elektronikus dokumentum] :  |b read at Budapest on september 22nd, 1908 at a conference of the International Law Association /  |c  Berinkey Dénes 
260 |c 1908 
300 |a 1-11 
490 0 |a Kolligátum 
695 |a Nemzetközi jog - kiadatás 
710 |a Conference of the International Law Association (1908)(Budapest) 
856 4 0 |u http://misc.bibl.u-szeged.hu/23437/1/87586_001-011.pdf  |z Dokumentum-elérés